Music Quiz

Random Music or Song Quiz
Score 0/12 Timer 03:00
0 Plays Today
% Correct
Krypton
93.6%
Gold
93.2%
Tin
86.3%
Iron
85.2%
Lithium
84.6%
Oxygen
83.2%
Silver
59.9%
Platinum
59.7%
Sulfur
53.1%
Nickel
47.8%
Chlorine
45.2%
Aluminum
44.6%
Come Together.
Have Fun.
All Virtual.
We all need to come together. Play Sporcle's virtual live trivia to have fun, connect with people, and get your trivia on. Join a live hosted trivia game for your favorite pub trivia experience done virtually. If a virtual private party is more your thing, go here for details.

You're not logged in!

Compare scores with friends on all Sporcle quizzes.
OR
Log In

Sporcle TV

Today on Sporcle TV


Watch our educational content, quiz creation guides, and fun videos on Sporcle TV.

Show Comments

Extras

Top Quizzes Today


Score Distribution

Paid Content

Your Account Isn't Verified!

In order to create a playlist on Sporcle, you need to verify the email address you used during registration. Go to your Sporcle Settings to finish the process.

Report this User

Report this user for behavior that violates our Community Guidelines.

Details: